Center for the Study of the Presidency

Detalles Bibliográficos
Formato: Microfilme eBook
Lenguaje:inglés
Publicado: Estados Unidos Center for the Study of the Presidency 1990
Materias:
Acceso en línea:Acceso restringido

MARC

LEADER 00000nam a22000007a 4500
005 20151105134449.0
007 hr|||| ||u||
008 151105s19902014enkz|||ss|||| 0||||1eng d
022 |a 0360-4918 
035 |a 2832 
040 |a vLex 
090 |c 5673  |d 5673 
245 1 0 |a Center for the Study of the Presidency   |h [Recurso electrn̤ico] /   |c Center for the Study of the Presidency  
256 |a Servicio en ln̕ea  
260 |a Estados Unidos   |b Center for the Study of the Presidency   |c 1990 
300 |a 1 recurso electrn̤ico 
500 |a Presidential Studies Quarterly (PSQ) is the only scholarly journal that focuses on the most powerful political figure in the world - the President of the United States. An indispensable resource for understanding the U.S. Presidency, Presidential Studies Quarterly offers articles, features, review essays, and book reviews covering Presidential decision making; the operations of the White House; Presidential relations with Congress, the courts, the bureaucracy, the public, and the press; and the President's involvement in public policy issues in both the domestic and international arenas. 
506 1 |a Contenido solo disponible en los productos indicados  |d vLex Global  |d vLex Global (Academic Edition, excluding Law Schools)  |d vLex Global (U.S. Academic Edition, Law Schools)  |d vLex Global (U.S. Academic Edition, excluding Law Schools)  |d vLex Global (Academic Edition, Law Schools) 
650 0 4 |a Poder ejecutivo  |z Estados Unidos   |x Publicaciones perid̤icas 
650 0 4 |a Presidentes  |z Estados Unidos  |x Publicaciones perid̤icas 
740 0 |a vLex revista (servicio en ln̕ea) 
856 4 0 |u http://vlex.com/source/presidential-studies-quarterly-2832/info  |z Acceso restringido 
942 |c REV 
999 0 |a Executive Power